<A> guide to modern econometrics

Saved in:
Bibliographic Details
Main Author: Verbeek, Marno
Format: Book
Language:English
Published: Chichester WILEY 2016
Edition:4th ed.
Subjects:
Tags: Add Tag
No Tags, Be the first to tag this record!

MARC

LEADER 00000nam a2200000 4500
001 0220632
005 20221107100950.3
020 |a 978-1-119-95167-4 
041 0 |a eng 
044 |a GB 
245 1 0 |a <A> guide to modern econometrics  |c Marno Verbeek 
250 |a 4th ed. 
264 1 |a Chichester  |b WILEY  |c 2016 
300 |a xv, 497 s. 
610 2 0 |a ekonometria 
610 2 0 |a analýza regresná 
610 2 0 |a modely lineárne 
610 2 0 |a modely regresné 
610 2 0 |a testovanie hypotéz 
610 2 0 |a matice 
610 2 0 |a teória štatistiky 
100 1 |a Verbeek, Marno